000 00584nam a2200241Ia 4500
003 OSt
005 20221005113646.0
006 a|||||r|||| 00| 0
007 ta
008 221004b |||||||| |||| 00| 0 kan d
024 _a61106
037 _cTextual
040 _aCRL
_cCRL
_bkan
041 _2kan
_akan
082 _aO33,3Nx, J7
100 _aMudoor Au.
_9624717
245 0 _aAbbiya madilu
260 _c1957
650 _a KANNAD LITERATURE
650 _aKANNAD FICTION
942 _hO33,3Nx, J7
_cTEXL
_2cc
999 _c1028868
_d1028868